Microsoft Word 7.0a for Windows 95. / (Record no. 1720)
[ view plain ]
| 000 -LEADER | |
|---|---|
| fixed length control field | 01074cam a2200253 a 4500 |
| 001 - CONTROL NUMBER | |
| control field | 3509358 |
| 005 - DATE AND TIME OF LATEST TRANSACTION | |
| control field | 20210414114048.0 |
| 008 - FIXED-LENGTH DATA ELEMENTS--GENERAL INFORMATION | |
| fixed length control field | 960725s1996 nyua 001 0 eng |
| 020 ## - INTERNATIONAL STANDARD BOOK NUMBER | |
| International Standard Book Number | 0070491046 |
| 040 ## - CATALOGING SOURCE | |
| Original cataloging agency | DLC |
| Transcribing agency | DLC |
| Modifying agency | DLC |
| 050 00 - LIBRARY OF CONGRESS CALL NUMBER | |
| Classification number | Z52.5.M523 O443 |
| Item number | |
| 100 1# - MAIN ENTRY--PERSONAL NAME | |
| Personal name | O'Leary, Timothy J., |
| 245 10 - TITLE STATEMENT | |
| Title | Microsoft Word 7.0a for Windows 95. / |
| Statement of responsibility, etc. | Timothy J. O'Leary, Linda I. O'Leary. |
| 246 14 - VARYING FORM OF TITLE | |
| Title proper/short title | Microsoft Word 7.0a |
| 260 ## - PUBLICATION, DISTRIBUTION, ETC. | |
| Place of publication, distribution, etc. | New York: |
| Name of publisher, distributor, etc. | McGraw-Hill, |
| Date of publication, distribution, etc. | c1996. |
| 300 ## - PHYSICAL DESCRIPTION | |
| Extent | 224 p. : |
| Other physical details | col. ill. ; |
| Dimensions | 26 cm. |
| 500 ## - GENERAL NOTE | |
| General note | Includes index. |
| 505 ## - FORMATTED CONTENTS NOTE | |
| Formatted contents note | Contents: Word processing overview WP3 -- Creating and editing a document WP8 -- Formatting a document WP60 -- Creating reports and newsletters WP106 -- Merging documents and creating tables WP154 -- Case project WP195 -- Glossary of key terms WP199 -- Command summary WP203 -- Windows 95 review WP207. |
| 630 00 - SUBJECT ADDED ENTRY--UNIFORM TITLE | |
| Uniform title | Microsoft Word. |
| 650 #0 - SUBJECT ADDED ENTRY--TOPICAL TERM | |
| Topical term or geographic name entry element | Word processing. |
| 700 1# - ADDED ENTRY--PERSONAL NAME | |
| Personal name | O'Leary, Linda I. |
| 942 ## - ADDED ENTRY ELEMENTS (KOHA) | |
| Source of classification or shelving scheme | Library of Congress Classification |
| Koha item type | Books |
| Withdrawn status | Lost status | Source of classification or shelving scheme | Damaged status | Not for loan | Home library | Current library | Shelving location | Date acquired | Total Checkouts | Full call number | Barcode | Date last seen | Copy number | Price effective from | Koha item type |
|---|---|---|---|---|---|---|---|---|---|---|---|---|---|---|---|
| Library of Congress Classification | WISCONSIN INTERNATIONAL UNIVERSITY COLLEGE, GHANA - MAIN LIBRARY | WISCONSIN INTERNATIONAL UNIVERSITY COLLEGE, GHANA - MAIN LIBRARY | General Stacks | 18/07/2012 | Z52.5.M523O443 | 5447/12 | 18/07/2012 | 1 | 18/07/2012 | Books | |||||
| Library of Congress Classification | WISCONSIN INTERNATIONAL UNIVERSITY COLLEGE, GHANA - MAIN LIBRARY | WISCONSIN INTERNATIONAL UNIVERSITY COLLEGE, GHANA - MAIN LIBRARY | General Stacks | 18/07/2012 | Z52.5.M523O4431 | 5448/12 | 18/07/2012 | 2 | 18/07/2012 | Books | |||||
| Library of Congress Classification | WISCONSIN INTERNATIONAL UNIVERSITY COLLEGE, GHANA - MAIN LIBRARY | WISCONSIN INTERNATIONAL UNIVERSITY COLLEGE, GHANA - MAIN LIBRARY | General Stacks | 18/07/2012 | Z52.5.M523O4432 | 5449/12 | 18/07/2012 | 3 | 18/07/2012 | Books | |||||
| Library of Congress Classification | WISCONSIN INTERNATIONAL UNIVERSITY COLLEGE, GHANA - MAIN LIBRARY | WISCONSIN INTERNATIONAL UNIVERSITY COLLEGE, GHANA - MAIN LIBRARY | General Stacks | 18/07/2012 | Z52.5.M523O4433 | 5450/12 | 18/07/2012 | 4 | 18/07/2012 | Books |
